O Papel do líder na motivação e satisfação dos Funcionários - um estudo na empresa pública ENDE-EP-Luanda (Record no. 2279)

MARC details
000 -Etiqueta do registo
Campo de controlo de comprimento fixo 00436 a2200145 4500
020 ## - ISBN (NÚMERO DE LIVRO PADRÃO INTERNACIONAL)
ISBN S/N
040 ## - Fonte de Catalogação
Agência de catalogação Biblioteca de Posgraduação- Universidade Lusíada de Angola
082 ## - DEWEY DECIMAL CLASSIFICATION NUMBER
Número de classificação 658.3
100 ## - Nome Pessoal
9 (RLIN) 1102
Autor DA SILVA, Salvador Izalino Boaventura
245 ## - Declaração de Título
Título O Papel do ld̕er na motivaȯ̂ e satisfaȯ̂ dos Funcionr̀ios - um estudo na empresa pb͠lica ENDE-EP-Luanda
260 ## - Publicação e Destribuíção
Local de edição/distribuição Luanda
Editor/distribuidor Universidade Lusa̕da
Data de edição/distribuição 2019
300 ## - Descrição Física
Nº Pág. 93p
650 ## - MATERIA
MATERIA Recursos Humanos
942 ## - - Elementos de entrada adicionados (koha)
Tipo de documento Dissertações de Grado e Mestrado

No items available.